Proyecciones árabes en la poesía castellana

Furkejuvvon:
Bibliográfalaš dieđut
Váldodahkki: Mengod, Vicente (autor)
Materiálatiipa: Girji
Giella:espánnjágiella
Almmustuhtton: Santiago Instituto Chileno Arabe de cultura 1954
Fáttát:
Fáddágilkorat: Lasit fáddágilkoriid
Eai fáddágilkorat, Lasit vuosttaš fáddágilkora!

MARC

LEADER 00000nam a2200000 a 4500
001 UCZ8301
003 CL-VaPUC
008 960119e19540000CL |||||||||||||||||spa|d
082 0 4 |a 861.09  |b MEN  |2 21 
100 |a Mengod, Vicente  |e autor  |9 353536 
245 1 0 |a Proyecciones árabes en la poesía castellana 
300 |a 156 p 
942 |c BK 
945 |d 19960119 00:00:00  |a rleighto 
260 |a Santiago  |b Instituto Chileno Arabe de cultura  |c 1954 
650 0 |a Literatura española  |9 306261 
650 0 |a Crítica literaria   |9 269189 
650 0 |a Poesía española  |9 264938 
650 0 |a Árabes  |x Literatura   |9 353537 
583 |a last modification  |c 19960119 00:00:00  |k Rodrigo Vera 
999 |c 244233  |d 244231 
952 |0 0  |1 0  |4 0  |6 861_090000000000000_MEN_1954  |7 0  |8 A  |9 258225  |a BIBEDU  |b BIBEDU  |d 2019-11-19  |i 3168964  |o 861.09 MEN 1954  |p 3168964  |r 2019-11-19  |w 2019-11-19  |y BK  |k LIT